000 00381pab a2200145 454500
008 180718b1985 xxu||||| |||| 00| 0 eng d
100 _aWallace, John B.
245 _aFostering management growth in developing countries
260 _c1985
300 _a67-73
362 _aJan.
650 _aTraining - Executives
773 _aTraining and Development Journal
909 _a19474
999 _c19474
_d19474